| 000 | 00584nam a22001937a 4500 | ||
|---|---|---|---|
| 999 |
_c2093 _d2093 |
||
| 003 | OSt | ||
| 005 | 20191107173409.0 | ||
| 008 | 150617b xxu||||| |||| 00| 0 eng d | ||
| 020 | _a0442022298 | ||
| 040 | _c04 | ||
| 082 | _a658.4 KER 1996 | ||
| 100 |
_aKerzner Harold _95426 |
||
| 245 |
_aProject Management Workbook to accompany Project Management: _bA system approach to planning, scheduling, and controlling |
||
| 250 | _a5th ed | ||
| 260 |
_aNew York; _bVan Nostrand Reinhold, _c1996 |
||
| 300 |
_a328 p _bill; _c29 cm |
||
| 650 |
_aProject Management _95305 |
||
| 942 |
_2z _cSERI |
||